| 000 | 00836nam a22002657a 4500 | ||
|---|---|---|---|
| 001 | 4245 | ||
| 003 | FISKH | ||
| 005 | 20240710101526.0 | ||
| 008 | 240710b cb ||||| |||| 00| 0 eng d | ||
| 020 | _a9780545317634 | ||
| 040 |
_aFISKH _beng _cFISKH _dFISKH |
||
| 050 | _aQL759.R93 | ||
| 082 | _a591.47 | ||
| 100 | _aRyan, Emma | ||
| 245 |
_aAnimal disguises / _cby Emma Ryan |
||
| 260 |
_aNew York : _bScholastic, _c2011. |
||
| 300 |
_a32 pages : _bcolor illustrations ; _c23 cm |
||
| 505 | _aM | ||
| 520 | _aProvides an introduction to animals on land, in the air, and under the sea that use camouflage to protect themselves from enemies, or hunt their prey. | ||
| 521 | 8 |
_a550
_bLexile Adjusted |
|
| 521 | 8 |
_aM
_bRaz-Plus |
|
| 650 |
_aAnimals _vCamouflage |
||
| 942 |
_2ddc _cBK _n0 |
||
| 999 |
_c4245 _d4245 |
||